[Event "Yingmei Cup CHN-chT 2017"]
[Site "?"]
[Date "2017.11.03"]
[Round "17"]
[White "Liu, Guanchu"]
[Black "Jakovenko, Dmitry"]
[Result "1/2-1/2"]
[WhiteElo "2458"]
[BlackElo "2710"]
[Annotator "TA"]
[PlyCount "76"]
[EventDate "2017.??.??"]
[SourceTitle "Tianjin"]

1. e4 c5 2. Nf3 d6 3. d4 cxd4 4. Nxd4 Nf6 5. Nc3 a6 6. Be3 e5 7. Nf3 Qc7 8. Be2
{LiveBook: 39 Games} b5 {B90: Sicilian Najdorf: Unusual White 6th moves, 6 Be3
Ng4 and 6 Be3 e5} (8... Be7 9. a4 O-O 10. O-O Be6 11. a5 Nbd7 12. Ng5 Bc4 13.
Re1 Rfc8 14. Ra4 Bxe2 15. Qxe2 Qc6 16. Rd1 Bd8 17. Nf3 b5 18. axb6 Bxb6 {
1/2-1/2 (31) Swiercz,D (2649)-Mareco,S (2648) Saint Louis 2017}) 9. a4 $146 ({
Predecessor:} 9. a3 Nbd7 10. O-O Bb7 11. Nd2 Be7 12. Bf3 O-O 13. Rc1 Rac8 14.
Re1 Nb6 15. Bxb6 Qxb6 16. Nf1 {1-0 (47) Nagy,J (2350) -Stefurak,D (2270)
Budapest 1992}) 9... b4 10. Nd5 Nxd5 {White has an edge.} 11. Qxd5 Bb7 12. Qc4
Qxc4 13. Bxc4 Be7 14. Nd2 Nd7 15. f3 Rc8 16. O-O-O Nf6 17. Rhe1 (17. Bf2 $16)
17... d5 $14 18. exd5 Nxd5 19. Bf2 Nc3 20. bxc3 bxc3 21. Nb3 Rxc4 22. Rxe5 Bc8
$1 23. Bc5 Be6 24. Rd4 Rxd4 25. Nxd4 Bf6 26. Re4 Kd7 {[#] ...Bd5 is the strong
threat.} 27. Nxe6 fxe6 {Endgame KRB-KRB} 28. Bd4 Rc8 29. Bxf6 (29. Kd1 $1 $14)
29... gxf6 {KR-KR. The position is equal.} 30. Rd4+ Ke7 31. Rh4 Kd6 32. Rxh7
Rc4 33. Rb7 (33. g3 {looks sharper.} Rxa4 34. Rb7 f5 35. f4 Re4 36. Kd1) 33...
Rxa4 34. Rb3 Ra1+ 35. Rb1 Ra4 36. Rb3 Ra1+ 37. Rb1 Ra5 38. Rb3 Ra1+ {Precision:
White = 71%, Black = 73%.} 1/2-1/2

[Event "Yingmei Cup CHN-chT 2017"]
[Site "?"]
[Date "2017.11.03"]
[Round "17"]
[White "Kashlinskaya, Alina"]
[Black "Chu, Ruotong"]
[Result "1-0"]
[WhiteElo "2455"]
[BlackElo "2173"]
[Annotator "TA"]
[PlyCount "165"]
[EventDate "2017.??.??"]
[SourceTitle "Tianjin"]

1. d4 Nf6 2. c4 g6 3. Nf3 Bg7 4. e3 O-O 5. Be2 b6 6. O-O Bb7 7. Nc3 d5 8. cxd5
{[%emt 0:00:05] D94: Grünfeld: 4 Nf3 Bg7 e3} Nxd5 9. Bd2 {LiveBook: 5 Games}
Nxc3 10. Bxc3 {White has an edge.} c5 11. dxc5 {aiming for Bxg7.} Bxc3 12. bxc3
bxc5 $146 ({Predecessor:} 12... Nd7 13. cxb6 axb6 14. Qd4 Qc7 15. Rfb1 Ra5 {
1-0 (69) Giri,A (2793)-Vachier Lagrave,M (2744) Baku 2015}) 13. Rb1 Be4 14. Rb2
Qa5 15. Ng5 Bc6 $1 16. Bf3 h6 17. Nh3 Rd8 18. Rd2 Rxd2 19. Qxd2 Bxf3 20. gxf3 {
Black must now prevent Qd5.} Nc6 21. Qd5 Rc8 22. Nf4 Kg7 23. Kg2 Qb6 24. Rg1
Rd8 25. Qe4 Qc7 26. Kh1 (26. Qxg6+ $11 fxg6 27. Ne6+ Kf7 28. Nxc7) 26... Qd6 (
26... Ne5 $17 27. Rg3 Rd1+ 28. Kg2 Qd6) 27. c4 e5 (27... Ne5 $15) 28. Nd5 $11
Ne7 29. Nc3 {Strongly threatening Rd1.} Qe6 $36 {Black has the initiative.} 30.
Rb1 Rd2 {Hoping for ...Ng8.} 31. Kg1 (31. Kg2 $1 $11) 31... Nf5 $17 32. Rb8 (
32. f4 $17 {might work better.}) 32... Qf6 (32... g5 $1 $19 {has better
winning chances.} 33. h3 Nh4) 33. Qa8 $2 (33. f4 $17) 33... Nh4 34. Kf1 e4 $1 (
34... Nxf3 35. Ne4 $14) 35. Qxe4 (35. Rg8+ $142 Kh7 36. Rf8) 35... Nxf3 (35...
Qxc3 $142 36. Qxh4 Qc1+ 37. Kg2 Rd1) 36. Qf4 $19 {[#]} Nxh2+ $1 37. Qxh2 {
And now Ne4 would win.} Qxc3 {Endgame KQR-KQR} 38. Qf4 g5 39. Qe4 (39. Qf3 $142
) 39... Qf6 40. f4 gxf4 (40... h5 $142 41. Qe5 Qxe5 42. fxe5 Rxa2) 41. exf4
Qa1+ ({Much less strong is} 41... Rxa2 42. Qe5 $19) 42. Rb1 Rd1+ ({Stronger
than} 42... Qxa2 43. Qe5+ Kg6 44. Qe4+ Kh5 45. Qe5+ Kh4 46. Qf6+ Kg3 47. Qg7+
Kf3 48. Qc3+ Kxf4 49. Qf6+ Kg4 50. Qg7+ Kh3 51. Qxh6+ Kg4 52. Qg7+ Kh3 53. Qh7+
Kg3 54. Qg7+ Kh4 55. Qh7+ Kg3 56. Qg7+ Kh3 57. Qh7+ Kg3 $11) 43. Rxd1 Qxd1+ {
KQ-KQ} 44. Kg2 Qg4+ 45. Kf2 Qe6 $1 46. Qd3 h5 47. Qc3+ {[#]} Qf6 $1 48. Qg3+
Kh6 49. Qe3 Qf5 50. Kg3 Kg6 51. a4 Qg4+ 52. Kh2 h4 (52... a5 $142 53. Qxc5
Qxf4+ 54. Kh3 Qf5+ 55. Qxf5+ Kxf5) 53. Qxc5 Qxf4+ 54. Kh1 Qf3+ 55. Kh2 Qg3+ 56.
Kh1 h3 57. Qc6+ Kg7 58. a5 Kh7 ({Black should play} 58... a6 $17) 59. Qe4+ $11
Kh6 60. c5 Qc7 61. c6 f5 62. Qe6+ Kg5 63. Qg8+ Kf4 64. Qd5 Kg5 65. Qd7 Qf4 {
( -> ...Qf3+)} 66. Qg7+ Kh5 67. c7 Qc1+ 68. Kh2 Qf4+ 69. Kxh3 Qf1+ 70. Kh2 Qf2+
71. Qg2 Qc5 72. Qe2+ Kh4 $2 (72... Kg5 $11) 73. Qe1+ Kh5 74. Qe8+ Kg4 75. Qg8+
Kf3 76. Qg2+ Kf4 77. Qg8 $2 ({White has to play} 77. a6 $18 {Qg3+ is the
strong threat.} Qc1 78. Qg7 Qc2+ 79. Kh3) 77... Qf2+ 78. Qg2 $2 (78. Kh1 $11
Qe1+ 79. Kh2 Qd2+ 80. Qg2) 78... Qc5 $18 79. Kh3 Qc3+ 80. Kh2 Qc5 $1 {
intending ...Qc3.} 81. a6 Qc3 {[#]} 82. Kg1 $1 Qc5+ 83. Qf2+ {Precision: White
= 54%, Black = 50%.} 1-0

[Event "Yingmei Cup CHN-chT 2017"]
[Site "?"]
[Date "2017.11.03"]
[Round "17"]
[White "Li, Yankai"]
[Black "Ivanchuk, Vassily"]
[Result "0-1"]
[WhiteElo "2455"]
[BlackElo "2732"]
[Annotator "TA"]
[PlyCount "100"]
[EventDate "2017.??.??"]
[SourceTitle "Tianjin"]

1. d4 d5 2. c4 dxc4 3. Nf3 a6 4. e3 e6 5. Bxc4 Nf6 6. O-O c5 7. dxc5 Bxc5 8.
Qxd8+ Kxd8 9. Rd1+ Ke7 10. b3 b6 11. Bb2 Nbd7 12. Nbd2 Bb7 13. Be2 {[%emt 0:00:
07] D2: Queen's Gambit Accepted: Classical main line: 7 e4!? and 7 a4} Rhc8 {
[#] LiveBook: 9 Games} 14. Nc4 $146 ({Predecessor:} 14. a3 b5 15. a4 bxa4 16.
Rxa4 Nb6 17. Ra5 Bb4 18. Ba3 Bxa3 19. Rxa3 Nfd5 20. Nc4 Nxc4 21. bxc4 {1-0 (47)
Nikolic,P (2622)-Kasimdzhanov,R (2691) Germany 2017}) 14... b5 15. Nce5 {
The position is equal.} Nxe5 16. Nxe5 Bd5 17. Rac1 Ke8 18. Ng4 Nxg4 19. Bxg4 {
Rxd5! is the strong threat.} Bf8 20. Rxc8+ Rxc8 21. Rxd5 {Black must now
prevent Rd2.} Rc2 22. Rd3 {And now Bc3 would win.} Rxb2 $11 {Endgame KRB-KRB}
23. a4 Rb1+ 24. Bd1 $1 Bb4 25. axb5 axb5 26. Kf1 {[#]} Bc3 $1 27. f4 (27. Rxc3
Rxd1+) 27... b4 28. Kf2 Ke7 29. Kf3 h5 30. g3 (30. e4 $11) 30... Rb2 $17 31. h3
Be1 32. g4 h4 33. Be2 Bc3 34. Rd1 Rxb3 35. Bb5 g6 36. Rd7+ Kf8 37. f5 Rb2 38.
fxe6 fxe6 39. Bc4 Rh2 40. Bxe6 Rxh3+ 41. Kf4 {[#]} g5+ $1 42. Ke4 (42. Kxg5 $17
Rxe3 43. Rf7+ Ke8 44. Bc4) 42... Rg3 $19 43. Rf7+ Ke8 44. Rh7 (44. Kd3 {
might work better.}) 44... Bd2 45. Kf5 Rxe3 ({Don't take} 45... Bxe3 46. Bd5)
46. Rh8+ Ke7 {Hoping for ...Bc3.} 47. Rh7+ Kf8 48. Rh8+ $2 (48. Bc4 {keeps
fighting.}) 48... Kg7 49. Rd8 $2 (49. Rg8+ Kh7 50. Bd5) 49... Bc3 50. Rd7+ Kh6
{Precision: White = 47%, Black = 75%.} 0-1

[Event "Yingmei Cup CHN-chT 2017"]
[Site "?"]
[Date "2017.11.03"]
[Round "17"]
[White "Ni, Shiqun"]
[Black "Ning, Kaiyu"]
[Result "1-0"]
[WhiteElo "2441"]
[BlackElo "2173"]
[Annotator "TA"]
[PlyCount "97"]
[EventDate "2017.??.??"]
[SourceTitle "Tianjin"]

1. e4 e6 2. d4 d5 3. Nd2 c5 4. Ngf3 Nf6 5. exd5 Nxd5 6. Nb3 cxd4 7. Nbxd4 Be7
8. Bd3 Nd7 9. O-O O-O {C07: French Tarrasch: 3...c5, 4 Ngf3 and 4 exd5 Qxd5}
10. c4 N5f6 11. Qe2 a6 {The position is equal.} 12. Re1 $146 {[#] Black must
now prevent Nxe6!} ({Predecessor:} 12. b3 Re8 13. Bb2 Bf8 {1/2-1/2 (72)
Novichkov, V (2377)-Guliyev,N (2555) Zuerich 2009}) 12... Bb4 13. Rd1 Qc7 14.
Bg5 b6 15. Bc2 Bb7 16. a3 Bc5 17. b4 {[#] And now Bxf6 would win.} Bxd4 18.
Nxd4 Rac8 19. Rac1 Qe5 20. Be3 Rfd8 21. h3 h6 22. Bb1 Ne4 23. Qc2 Nef6 24. Ne2
b5 25. c5 Be4 26. Qd2 {Bxe4 is the strong threat.} Bxb1 27. Rxb1 Nd5 28. Bd4
Qh5 29. Rb3 Nb8 30. Rd3 Nc6 31. Bb2 Kh7 32. Qe1 $40 {White is out for blood.}
Nce7 33. Ng3 Qg6 34. Rd4 f5 35. R4d3 Rf8 36. Ne2 {Threatens to win with Rg3.}
f4 (36... Rg8 $16 {is a better defense.} 37. Be5 Qf7) 37. Nd4 f3 38. Rxf3 Rxf3
39. Nxf3 Nf4 40. g3 (40. Nh4 $142 Qh5 41. Qe4+ Kh8 42. Nf3 (42. Qxf4 Qxd1+ 43.
Kh2 Qh5 $14)) 40... Nxh3+ 41. Kh2 Qh5 $2 (41... Rf8) 42. Qe4+ $18 {White is
clearly winning.} Nf5 43. Kg2 Ng5 44. Nxg5+ Qxg5 45. Rd7 Kh8 46. Qxe6 Rf8 47.
Qe4 h5 48. Qf4 Qg6 49. Bxg7+ {Precision: White = 76%, Black = 23%.} 1-0

[Event "Yingmei Cup CHN-chT 2017"]
[Site "?"]
[Date "2017.11.03"]
[Round "17"]
[White "Huang, Qian"]
[Black "Stefanova, Antoaneta"]
[Result "1/2-1/2"]
[WhiteElo "2436"]
[BlackElo "2506"]
[Annotator "TA"]
[PlyCount "93"]
[EventDate "2017.??.??"]
[SourceTitle "Tianjin"]

1. d4 d5 2. c4 e6 3. Nf3 Nf6 4. Nc3 a6 5. cxd5 exd5 6. Bg5 {[%emt 0:00:05] D37:
Queen's Gambit Declined: Bf4} Be6 7. e3 Nbd7 8. Bd3 h6 9. Bh4 g5 10. Bg3 Nh5 {
LiveBook: 32 Games} 11. Qc2 Nxg3 12. hxg3 c6 13. e4 $146 ({Predecessor:} 13.
O-O-O Bg7 {1/2-1/2 (40) Jakovenko,D (2714) -Fedoseev,V (2665) Novosibirsk 2016}
) 13... dxe4 14. Bxe4 Qa5 15. O-O Bg7 16. a3 g4 17. b4 Qc7 18. Nh4 $1 Bxd4 {
Hoping for ...Qxg3.} 19. Rad1 $1 Qxg3 20. Rxd4 Qxh4 21. Bf5 O-O-O 22. Rxg4 (22.
Bxe6 $11 fxe6 23. Qe2) 22... Qh5 (22... Qf6 $17 23. Bxe6 Qxe6) 23. Bxe6 $11
fxe6 24. Rg3 Rhg8 {aiming for ...Rxg3.} 25. Ne4 Qh4 26. Re1 Rxg3 27. Nxg3 Qf6
28. a4 Kb8 29. Qe2 e5 (29... Nb6 $1 $15) 30. Ne4 {The position is equal.} Qe7
31. b5 cxb5 32. axb5 a5 33. Qd2 Qb4 34. Qxb4 $1 axb4 {Endgame KRN-KRN} 35. Rb1
Nb6 36. Rxb4 Rd1+ 37. Kh2 Nd5 38. Rb2 Kc7 39. Kg3 Nf4 40. f3 Kb6 41. Kg4 Nd3
42. Rb3 Ne1 43. g3 Nc2 44. Rc3 Nd4 45. Rc5 Rd3 46. Rxe5 {Black must now
prevent f4.} Nxf3 47. Rh5 {Precision: White = 63%, Black = 56%.} 1/2-1/2

[Event "Yingmei Cup CHN-chT 2017"]
[Site "?"]
[Date "2017.11.03"]
[Round "17"]
[White "Guo, Qi"]
[Black "Zhai, Mo"]
[Result "1-0"]
[WhiteElo "2394"]
[BlackElo "2300"]
[Annotator "TA"]
[PlyCount "107"]
[EventDate "2017.??.??"]
[SourceTitle "Tianjin"]

1. d4 Nf6 2. c4 e6 3. Nf3 b6 4. g3 Ba6 5. Qc2 Bb4+ 6. Bd2 {E15: Damenindisch 
(Hauptfortsetzung, Abweichungen)} Be7 7. e4 d5 8. cxd5 Bxf1 9. Kxf1 exd5 10. e5
{LiveBook: 130 Partien} Ne4 11. Nc3 Nxd2+ 12. Qxd2 Qd7 13. Kg2 Nc6 ({
Vorgänger:} 13... O-O) 14. h4 $146 O-O 15. Rhe1 (15. Qd3 $14) 15... Nd8 16.
Rad1 a5 17. Ng5 h6 18. Nh3 c6 19. Qe3 a4 20. a3 b5 21. Nf4 b4 22. axb4 Bxb4 23.
Ra1 Ne6 24. Rec1 c5 ({Besser ist} 24... Nxf4+ $11 25. Qxf4 f6) 25. Ncxd5 $14
cxd4 26. Qe4 Nxf4+ 27. Nxf4 Bd2 28. Rc4 Bxf4 29. Rxd4 Qc7 30. gxf4 Qe7 31.
Raxa4 (31. Kg3 {is interesting.} Rab8 32. Rdxa4 Rxb2 33. Ra8 Rb4 34. Qd5) 31...
Rxa4 32. Rxa4 {f5 ist eine echte Drohung.} Qxh4 $16 {Endspiel KDT-KDT} 33. f5
Qe7 ({Lieber} 33... Qg5+ $14 34. Qg4 Qd2) 34. Kh3 (34. Ra8 $16 {Schwarz muss
nun f6! beachten.} Qg5+ 35. Kf3) 34... Qc5 $1 $11 35. Kg2 Qb5 (35... Qe7 $1 $11
{bleibt in der Remisbreite.}) 36. Ra8 $36 {Läuft bei Weiss.} Qxb2 $2 {[#]} (
36... Rxa8 $16 37. Qxa8+ Kh7) 37. e6 {Weiß setzt Matt.} Qf6 38. e7 Qg5+ 39.
Kf1 Qxe7 40. Qxe7 Rxa8 {KD-KT} 41. f6 Rc8 42. Kg2 Ra8 43. fxg7 Kxg7 44. Qe5+
Kg8 45. Qf6 Re8 46. Qxh6 Re6 47. Qf4 Kg7 48. Qd4+ Kg6 49. f4 f5 50. Qd8 Kf7 51.
Qd7+ Kf6 52. Kg3 Re1 53. Qd4+ Kg6 54. Qb6+ {Precision: Weiß = 56%, Schwarz =
44%.} 1-0

[Event "Yingmei Cup CHN-chT 2017"]
[Site "?"]
[Date "2017.11.03"]
[Round "17"]
[White "Zhang, Ziji"]
[Black "Wei, Yi"]
[Result "0-1"]
[WhiteElo "2387"]
[BlackElo "2740"]
[Annotator "TA"]
[PlyCount "66"]
[EventDate "2017.??.??"]
[SourceTitle "Tianjin"]

1. d4 d6 2. c4 e5 3. Nf3 e4 4. Ng5 f5 5. Nc3 Be7 6. Nh3 Nf6 7. g3 c6 8. d5 {
[%emt 0:00:02] A1: English Opening: 1...e5 2 Nc3} (8. Bg5 O-O 9. Nf4 Na6 10. e3
Nc7 11. h4 Ne6 12. Nxe6 Bxe6 13. Be2 h6 14. Bxf6 Bxf6 15. h5 c5 16. dxc5 Bxc3+
17. bxc3 dxc5 {1/2-1/2 (36) Wojtaszek,R (2749)-Agrest,E (2593) Tallinn 2016})
8... Nbd7 9. Bg2 Nb6 10. dxc6 {The position is equal.} bxc6 11. b3 O-O 12. O-O
Be6 $146 ({Predecessor:} 12... Kh8 13. Bb2 Be6 14. Nf4 Bg8 15. h4 Ng4 16. Qc1
Bf6 17. Rd1 Qe7 18. e3 {1/2-1/2 (34) Khropova,L (2106)-Shushpanova,N (1979)
Odintsovo 2011}) 13. Ng5 Bd7 14. h4 h6 $36 {Black has good play.} 15. Nh3 Be8
16. a4 Nbd7 17. Bf4 Nc5 18. b4 Ne6 19. b5 d5 20. cxd5 cxd5 21. e3 Rc8 22. Ne2
Ng4 $1 23. Nd4 Nxd4 24. exd4 g5 25. hxg5 hxg5 26. Bc1 Rc3 27. Qe1 (27. Ra2 $142
) 27... Rd3 $17 28. f3 $2 {[#]} (28. Qe2 $17) 28... Qb6 $1 $19 29. fxg4 {
Be3 is the strong threat.} Qxd4+ 30. Nf2 $2 (30. Qf2 Qxa1 31. Qxa7) 30... Rxg3
{Black is clearly winning.} 31. Qd2 Qxa1 32. Bb2 {[#]} Qa2 $1 33. Ra1 Qb3 {
Precision: White = 39%, Black = 83%.} (33... Qc4 $142 34. Kh2 f4) 0-1

[Event "Yingmei Cup CHN-chT 2017"]
[Site "?"]
[Date "2017.11.03"]
[Round "17"]
[White "Xu, Zhihang"]
[Black "Yu, Yangyi"]
[Result "0-1"]
[WhiteElo "2376"]
[BlackElo "2743"]
[Annotator "TA"]
[PlyCount "114"]
[EventDate "2017.??.??"]
[SourceTitle "Tianjin"]

1. Nf3 b6 2. e4 Bb7 3. Nc3 e6 4. Bd3 (4. d4 Bb4 5. Bd3 Nf6 6. Qe2 d5 7. exd5
Qxd5 8. O-O Bxc3 9. bxc3 Nbd7 10. c4 Qh5 11. Bf4 Rc8 12. a4 a5 13. Rab1 O-O 14.
Rb5 c5 15. dxc5 Rxc5 {0-1 (29) Eljanov,P (2734)-Carlsen, M (2827) Douglas 2017}
) 4... Na6 $146 ({Predecessor:} 4... Nf6 5. O-O d5 6. Re1 Be7 7. Qe2 d4 8. Nb5
c5 9. a4 Nc6 10. c3 e5 11. Na3 a6 12. Bc2 O-O 13. d3 Qc7 14. Bg5 Nd7 15. Bd2
Rac8 16. Bb3 Kh8 17. Rec1 {1/2-1/2 (17) Cruz,F (2404)-Juan Bartroli,P (2229)
Sant Boi 2016}) 5. e5 d5 6. exd6 {B00: Queen's Fianchetto Defence, Nimzowitsch
Defence} Bxd6 7. Be4 c6 8. d4 {The position is equal.} Nf6 9. Bg5 Qc7 10. Qe2
O-O-O 11. O-O-O Bf4+ 12. Bxf4 Qxf4+ 13. Kb1 Nxe4 14. Qxe4 Qxe4 15. Nxe4 f6 16.
Rhe1 Rd7 17. Kc1 Rhd8 18. Ng3 Nc7 19. c3 a5 20. Nd2 Ba6 21. Nh5 a4 22. Nf4 Re7
23. h4 Kd7 24. b3 Nd5 25. Nxd5 cxd5 26. Re3 Ra8 27. f4 h5 28. Rde1 Kd6 29. b4
a3 30. Kc2 Bc4 31. Nxc4+ dxc4 $11 {Endgame KRR-KRR} 32. f5 e5 33. Rd1 Kc6 34.
b5+ Kxb5 35. dxe5 fxe5 36. Rd5+ Kc6 37. Rdxe5 Rxe5 38. Rxe5 $15 {[#] KR-KR} Rd8
(38... Rf8 $1 $17) 39. g4 $1 $11 hxg4 40. Re4 $1 b5 41. Rxg4 Rh8 42. Rg6+ Kd5
43. Rg5 {Hoping for f6+.} Ke4 44. Rxg7 Rxh4 {Threatens to win with ...Rh2+.}
45. f6 Rh2+ 46. Kb1 $2 (46. Kc1 $11) 46... Rh1+ $2 (46... Rf2 $19 {...Kd3 is
the strong threat.} 47. Kc1 Rxf6) 47. Kc2 Rh2+ $2 (47... Rf1 $11) 48. Kb1 $19
Rb2+ $2 (48... Rf2 $19 49. Rd7 Rxf6 50. Rd4+ Kf3) 49. Ka1 $2 (49. Kc1 $11 Ke5
50. Ra7) 49... Rf2 50. Kb1 Rxf6 (50... Kd3 $142 51. Rg1 Kxc3 52. Rg3+ Kd2 53.
Rg1 c3 54. f7 c2+ 55. Ka1 Kc3 56. f8=Q Rxf8 57. Rg3+ Kd4 58. Rg4+ Kd5 59. Rg5+
Kd6 60. Rd5+ Ke7 61. Re5+ Kd8 62. Rd5+ Kc7 63. Rc5+ Kd8 64. Rc8+ Kd7 65. Rc7+
Ke6 66. Rc6+ Ke7 67. Rc7+ Ke6 68. Rc6+ Kd5 69. Rc5+ Ke4 70. Rc4+ Kd5 71. Rc5+
Kd6 72. Rc6+ Ke5 73. Rc5+ Kd4 74. Rc4+ Kd5 75. Rc5+) 51. Ra7 Rf1+ 52. Kc2 Rf2+
53. Kb1 Rb2+ (53... Kd3 $142 54. Rxa3 b4 55. cxb4+ c3 56. Rxc3+ Kxc3 57. a3 Rh2
58. b5 Rb2+ 59. Kc1 Rxb5 60. Kd1 Re5 61. a4 Re6 62. a5 Ra6 63. Ke2 Rxa5 64. Ke3
Ra4 65. Ke2 Re4+ 66. Kf2 Kd2 67. Kf3 Rb4 68. Kg2 Ke3 69. Kg3 Ke2 70. Kg2 Rb3
71. Kh1 Kf1 72. Kh2 Kf2 73. Kh1 Rh3#) 54. Ka1 Kd3 {Black mates.} 55. Rd7+ Kxc3
56. Rd3+ Kb4 57. Rxa3 {[#]} Rb1+ $1 {Precision: White = 43%, Black = 57%.} 0-1

[Event "Yingmei Cup CHN-chT 2017"]
[Site "?"]
[Date "2017.11.03"]
[Round "17"]
[White "Lan, Zilun"]
[Black "Andreikin, Dmitry"]
[Result "1/2-1/2"]
[WhiteElo "2361"]
[BlackElo "2705"]
[Annotator "TA"]
[PlyCount "66"]
[EventDate "2017.??.??"]
[SourceTitle "Tianjin"]

1. d4 Nf6 2. c4 e6 3. Nf3 b6 4. g3 Bb4+ 5. Bd2 a5 6. Bg2 Bb7 7. O-O O-O 8. Nc3
d6 9. Rc1 Nbd7 10. Bg5 {LiveBook: 10 Games. E16: Queen's Indian: 4 g3 Bb7 5
Bg2 Bb4+} h6 (10... Bxc3 $5 11. Rxc3 Re8 $11) 11. Bxf6 Nxf6 12. Na4 {Black
must now prevent a3.White is slightly better.} d5 13. Ne5 $146 ({Predecessor:} 
13. c5 b5 14. Nc3 Ba6 15. Ne5 Qe8 16. a3 Bxc3 17. bxc3 Nd7 {1/2-1/2 (42) Salov,
V (2665)-Jussupow,A (2625) Paris 1991}) 13... Be7 14. c5 Ne4 15. f3 Nf6 16.
cxb6 cxb6 17. Qb3 b5 18. Qxb5 Ba6 19. Qb3 Bxe2 20. Rf2 Bc4 21. Nxc4 dxc4 22.
Qxc4 Rb8 23. a3 Nd5 24. f4 Ne3 25. Qd3 Nxg2 26. Rxg2 Qd5 27. Rc4 Rfd8 28. Rd2 (
28. Nc3 {with more complications.} Qb7 29. Rc2 Qb3 30. Kg2 Bf6 31. Rd2) 28...
Qb5 29. Nc3 Qb3 30. Na4 Qb5 31. Nc3 Qa6 32. Qe2 Rd7 33. Rb4 Qa8 {Precision:
White = 40%, Black = 35%.} 1/2-1/2

[Event "Yingmei Cup CHN-chT 2017"]
[Site "?"]
[Date "2017.11.03"]
[Round "17"]
[White "Wang, Jue"]
[Black "Hong, Xing"]
[Result "1-0"]
[WhiteElo "2352"]
[BlackElo "2023"]
[Annotator "TA"]
[PlyCount "101"]
[EventDate "2017.??.??"]
[SourceTitle "Tianjin"]

1. e4 c5 2. Nf3 g6 3. c4 Bg7 4. d4 cxd4 5. Nxd4 d6 6. Be2 Nc6 7. Be3 Nf6 8. Nc3
O-O 9. O-O Bd7 10. Qd2 Ng4 11. Bxg4 Bxg4 12. f3 Bd7 {LiveBook: 21 Games} 13.
Nde2 {B38: Sicilian: Maroczy Bind with 5...Bg7 and 7...0-0} (13. Rfd1 a6 14.
Nd5 Rc8 15. Rac1 Nxd4 16. Bxd4 Bxd4+ 17. Qxd4 Be6 18. Re1 Re8 19. Nf4 Bd7 20.
e5 dxe5 21. Rxe5 {1/2-1/2 (35) Mareco,S (2625)-Pascua,H (2427) Dubai 2016})
13... Ne5 14. b3 Bc6 15. Rad1 {White is slightly better.} a6 16. a4 $146 ({
Predecessor:} 16. Nd5 Bxd5 17. cxd5 Rc8 18. Rc1 Qd7 19. Rxc8 Rxc8 20. Rc1 h5
21. Rxc8+ Qxc8 {1/2-1/2 (49) Diamant,T (2152)-Bordos,J (2111) Hungary 1999})
16... Rb8 17. Nd5 Bxd5 18. exd5 h5 (18... Nd7 $142) 19. h3 Nd7 20. Nd4 Kh7 (
20... Nf6 $16) 21. Rfe1 (21. f4 $18) 21... Re8 (21... Nc5 $16) 22. Qc2 (22. f4
$1 $18) 22... Qc7 {[#]} (22... Nf8 $142) 23. f4 $1 $16 e5 24. dxe6 $1 fxe6 25.
Nf3 Bf6 26. Bd4 (26. g4 $18 {and White stays clearly on top.}) 26... e5 27.
fxe5 Nxe5 28. Bxe5 dxe5 29. Nd2 Bh4 30. Rf1 Re6 (30... Rbd8 $14) 31. Ne4 $18
Rd8 {[#]} 32. Rxd8 $1 Bxd8 (32... Qxd8 $142 33. Rf7+ Kg8) 33. Rd1 Kg7 34. Rd5
Bf6 35. Qd3 Qc6 $2 (35... Qc8 36. Rd7+ Re7 37. Nxf6 Kxf6 38. Qf3+ Ke6 39. Qd5+
Kf6) 36. Rd7+ Kf8 37. Qd5 Be7 38. Rxb7 a5 39. Rb8+ Kg7 40. Rb5 Qxd5 41. cxd5 {
Endgame KRB-KRN} ({But not} 41. Rxd5 Bb4 $18) 41... Ra6 42. Kf2 Bb4 43. Rb7+
Kf8 44. Ke3 Ra8 45. d6 {White is clearly winning.} Rd8 (45... Kg8 $142 46. Re7
Rd8 47. Rxe5 Kg7 48. Re7+ Kg8) 46. Rh7 Rxd6 47. Nxd6 Bxd6 48. Ke4 Kg8 49. Rd7
Bb4 50. Kxe5 g5 51. Ke4 {Precision: White = 59%, Black = 25%.} 1-0

[Event "Yingmei Cup CHN-chT 2017"]
[Site "?"]
[Date "2017.11.03"]
[Round "17"]
[White "Yuan, Ye"]
[Black "Vo, Thi Kim Phung"]
[Result "0-1"]
[WhiteElo "2196"]
[BlackElo "2355"]
[Annotator "TA"]
[PlyCount "92"]
[EventDate "2017.??.??"]
[SourceTitle "Tianjin"]

1. d4 Nf6 2. c4 e6 3. Nf3 Bb4+ 4. Nbd2 b6 5. a3 Bxd2+ 6. Qxd2 Bb7 7. e3 a5 8.
b3 d6 9. Be2 Nbd7 10. Bb2 Qe7 11. O-O O-O 12. Rad1 {E14: Queen's Indian:
Classical Variation (4 e3)} Ne4 13. Qc2 f5 14. d5 e5 15. Ne1 {LiveBook: 6 Games
} Bc8 $146 ({Predecessor:} 15... Qh4 16. f3 Nec5 17. b4 axb4 18. axb4 Na6 19.
Qc3 {1-0 (39) Markus,R (2662)-Lajthajm,B (2429) Niksic 2016}) 16. f3 Ng5 17. b4
f4 (17... g6 $14) 18. exf4 $16 Rxf4 19. g3 (19. Nd3 $16) 19... Rf8 20. h4 Nf7 (
{Black should try} 20... Nh3+ $1 $11 21. Kh2 Nf6) 21. Ng2 Nf6 22. Bd3 h6 (22...
axb4 $14 23. axb4 e4) 23. Rde1 axb4 24. axb4 b5 25. Nf4 {Ng6 is the strong
threat.} bxc4 26. Bxc4 {And now Ng6 would win.} Re8 $1 27. Qd3 Rb8 28. Bc3 Qd7
29. Ng2 (29. Ne6 $14) 29... Qh3 {[#] White must now prevent ...Nh5.} 30. g4 $1
h5 (30... Bd7 $11) 31. g5 Bf5 (31... Nd7 $16) 32. Qe2 $2 (32. Qd1 $18) 32...
Nd7 $11 33. Ne3 $2 {[#]} (33. Qd1 $11 {and White stays safe.}) 33... Qxh4 $19
34. Nxf5 Qxg5+ 35. Kf2 (35. Qg2 {was worth a try.} Qxf5 36. f4) 35... Qxf5 36.
Bd3 Qf4 37. Rh1 Nf6 38. Bd2 Qd4+ 39. Be3 Qxd5 40. Bc4 Qc6 41. b5 Qd7 42. Bg5
Nh7 (42... d5 $2 43. Bxf6 gxf6 44. Qd3 $19) 43. Be3 d5 44. Rd1 Nf6 {Black is
clearly winning.} 45. b6 c6 46. Ba6 d4 {Precision: White = 38%, Black = 53%.}
0-1